Sports Quiz

Random Sports Quiz

Daytona 500 Top 10's (1960-1989) Quiz Stats

Quiz not verified by Sporcle

Also try: Find the NFL Teams
Challenge
Share
Tweet
Embed
Score 0/300 Timer 20:00
0 Plays Today
Year Driver % Correct
1960Richard Petty
97%
1960Lee Petty
97%
1962Richard Petty
97%
1963Richard Petty
97%
1964Richard Petty
97%
1966Richard Petty
97%
1967Richard Petty
97%
1968Richard Petty
97%
1969Richard Petty
97%
1971Richard Petty
97%
1973Richard Petty
97%
1974Richard Petty
97%
1975Richard Petty
97%
1976Richard Petty
97%
1979Richard Petty
97%
1979Dale Earnhardt
97%
1980Dale Earnhardt
97%
1981Richard Petty
97%
1981Dale Earnhardt
97%
1984Dale Earnhardt
97%
1987Richard Petty
97%
1987Dale Earnhardt
97%
1988Dale Earnhardt
97%
1989Dale Earnhardt
97%
1968Bobby Allison
93.9%
1969Donnie Allison
93.9%
1970Bobby Allison
93.9%
1974Donnie Allison
93.9%
1974Darrell Waltrip
93.9%
1975Bobby Allison
93.9%
1977Darrell Waltrip
93.9%
1978Bobby Allison
93.9%
1979Darrell Waltrip
93.9%
1979Donnie Allison
93.9%
1980Bobby Allison
93.9%
1980Donnie Allison
93.9%
1981Bobby Allison
93.9%
1982Bobby Allison
93.9%
1983Bobby Allison
93.9%
1984Darrell Waltrip
93.9%
1985Darrell Waltrip
93.9%
1986Darrell Waltrip
93.9%
1987Bobby Allison
93.9%
1987Darrell Waltrip
93.9%
1988Bobby Allison
93.9%
1988Davey Allison
93.9%
1989Darrell Waltrip
93.9%
1965Cale Yarborough
92.4%
1966Cale Yarborough
92.4%
1968Cale Yarborough
92.4%
1972Cale Yarborough
92.4%
1974Cale Yarborough
92.4%
1975Cale Yarborough
92.4%
1977Cale Yarborough
92.4%
1978Cale Yarborough
92.4%
1979Cale Yarborough
92.4%
1981Cale Yarborough
92.4%
1982Cale Yarborough
92.4%
1983Cale Yarborough
92.4%
1984Cale Yarborough
92.4%
1987Cale Yarborough
92.4%
1978Bill Elliott
86.4%
1981Bill Elliott
86.4%
1982Bill Elliott
86.4%
1983Bill Elliott
86.4%
1984Bill Elliott
86.4%
1985Bill Elliott
86.4%
1987Bill Elliott
86.4%
1969AJ Foyt
81.8%
1971AJ Foyt
81.8%
1972AJ Foyt
81.8%
1973AJ Foyt
81.8%
1974AJ Foyt
81.8%
1977AJ Foyt
81.8%
1979AJ Foyt
81.8%
1984Geoffrey Bodine
81.8%
1985Geoffrey Bodine
81.8%
1986Geoffrey Bodine
81.8%
1989Geoffrey Bodine
81.8%
1962David Pearson
80.3%
1966David Pearson
80.3%
1967Mario Andretti
80.3%
1968David Pearson
80.3%
1969David Pearson
80.3%
1970David Pearson
80.3%
1971David Pearson
80.3%
1975David Pearson
80.3%
1976David Pearson
80.3%
1983David Pearson
80.3%
1984David Pearson
80.3%
1961Buck Baker
78.8%
1969Buddy Baker
78.8%
1971Buddy Baker
78.8%
1973Buddy Baker
78.8%
1977Buddy Baker
78.8%
1978Buddy Baker
78.8%
1980Buddy Baker
78.8%
1981Buddy Baker
78.8%
1982Buddy Baker
78.8%
1983Buddy Baker
78.8%
Year Driver % Correct
1985Buddy Baker
78.8%
1987Buddy Baker
78.8%
1988Buddy Baker
78.8%
1969Benny Parsons
77.3%
1972Benny Parsons
77.3%
1973Vic Parsons
77.3%
1975Benny Parsons
77.3%
1976Benny Parsons
77.3%
1977Benny Parsons
77.3%
1978Benny Parsons
77.3%
1980Benny Parsons
77.3%
1986Benny Parsons
77.3%
1987Benny Parsons
77.3%
1988Phil Parsons
77.3%
1989Phil Parsons
77.3%
1960Ned Jarrett
75.8%
1961Ned Jarrett
75.8%
1962Ned Jarrett
75.8%
1963Ned Jarrett
75.8%
1965Ned Jarrett
75.8%
1966Ned Jarrett
75.8%
1980Terry Labonte
75.8%
1982Terry Labonte
75.8%
1983Terry Labonte
75.8%
1986Terry Labonte
75.8%
1988Terry Labonte
75.8%
1989Terry Labonte
75.8%
1962Fireball Roberts
74.2%
1981Ricky Rudd
74.2%
1984Ricky Rudd
74.2%
1985Ricky Rudd
74.2%
1985Rusty Wallace
74.2%
1986Rusty Wallace
74.2%
1987Ricky Rudd
74.2%
1988Rusty Wallace
74.2%
1960Junior Johnson
72.7%
1964Junior Johnson
72.7%
1974Coo Coo Marlin
71.2%
1977Coo Coo Marlin
71.2%
1979Coo Coo Marlin
71.2%
1980Sterling Marlin
71.2%
1986Sterling Marlin
71.2%
1988Sterling Marlin
71.2%
1987Ken Schrader
66.7%
1988Ken Schrader
66.7%
1989Ken Schrader
66.7%
1970Pete Hamilton
65.2%
1985Lake Speed
63.6%
1986Lake Speed
63.6%
1963Tiny Lund
60.6%
1967Tiny Lund
60.6%
1968Tiny Lund
60.6%
1970Dave Marcis
60.6%
1975Dave Marcis
60.6%
1978Dave Marcis
60.6%
1982Harry Gant
60.6%
1984Harry Gant
60.6%
1960Fred Lorenzen
59.1%
1961Fred Lorenzen
59.1%
1962Fred Lorenzen
59.1%
1963Fred Lorenzen
59.1%
1965Fred Lorenzen
59.1%
1966Fred Lorenzen
59.1%
1967Fred Lorenzen
59.1%
1971Fred Lorenzen
59.1%
1976Neil Bonnett
59.1%
1980Neil Bonnett
59.1%
1984Neil Bonnett
59.1%
1985Neil Bonnett
59.1%
1988Neil Bonnett
59.1%
1960Bobby Johns
57.6%
1963Bobby Johns
57.6%
1965Bobby Johns
57.6%
1966LeeRoy Yarbrough
57.6%
1968LeeRoy Yarbrough
57.6%
1969LeeRoy Yarbrough
57.6%
1970LeeRoy Yarbrough
57.6%
1970Bobby Isaac
56.1%
1971Bobby Isaac
56.1%
1973Bobby Isaac
56.1%
1974Bobby Isaac
56.1%
1985Bobby Hillin, Jr.
54.5%
1986Bobby Hillin, Jr.
54.5%
1961Jack Smith
51.5%
1962Jack Smith
51.5%
1982Roy Smith
51.5%
1985Greg Sacks
51.5%
1989Alan Kulwicki
50%
1961Marvin Panch
47%
1961Joe Weatherly
47%
1962Joe Weatherly
47%
1963Joe Weatherly
47%
1964Marvin Panch
47%
1965Marvin Panch
47%
1975Richie Panch
47%
1960Rex White
45.5%
1962Rex White
45.5%
1979Tighe Scott
45.5%
1982Joe Ruttman
45.5%
1983Joe Ruttman
45.5%
Year Driver % Correct
1966James Hylton
43.9%
1967James Hylton
43.9%
1971James Hylton
43.9%
1972James Hylton
43.9%
1973James Hylton
43.9%
1975James Hylton
43.9%
1977James Hylton
43.9%
1971Dick Brooks
42.4%
1973Dick Brooks
42.4%
1974Dick Brooks
42.4%
1977Dick Brooks
42.4%
1978Dick Brooks
42.4%
1983Dick Brooks
42.4%
1986Rick Wilson
42.4%
1989Rick Mast
42.4%
1989Rick Wilson
42.4%
1960Curtis Turner
39.4%
1976Lennie Pond
39.4%
1976Richard Childress
39.4%
1978Lennie Pond
39.4%
1980Lennie Pond
39.4%
1972Jabe Thomas
37.9%
1976JD McDuffie
37.9%
1968Al Unser
36.4%
1965GC Spencer
33.3%
1970Ramo Stott
33.3%
1973Ramo Stott
33.3%
1974Ramo Stott
33.3%
1975Ramo Stott
33.3%
1975GC Spencer
33.3%
1960Johnny Allen
30.3%
1961Johnny Allen
30.3%
1969Charlie Glotzbach
30.3%
1970Charlie Glotzbach
30.3%
1972Charlie Glotzbach
30.3%
1982Ron Bouchard
30.3%
1986Ron Bouchard
30.3%
1977Jimmy Means
28.8%
1961Cotton Owens
27.3%
1963Johnny Rutherford
27.3%
1964Jim Paschal
27.3%
1981Johnny Rutherford
27.3%
1961Paul Goldsmith
25.8%
1964Paul Goldsmith
25.8%
1968Paul Goldsmith
25.8%
1980Jody Ridley
25.8%
1981Jody Ridley
25.8%
1982Jody Ridley
25.8%
1983Jody Ridley
25.8%
1984Jody Ridley
25.8%
1965Dick Hutcherson
22.7%
1973Hershel McGriff
22.7%
1978Ron Hutcherson
22.7%
1964Darel Dieringer
21.2%
1965Darel Dieringer
21.2%
1967Darel Dieringer
21.2%
1968Darel Dieringer
21.2%
1981Joe Millikan
21.2%
1965Sam McQuagg
19.7%
1966Sam McQuagg
19.7%
1989Eddie Bierschwale
19.7%
1963Nelson Stacy
18.2%
1963Dan Gurney
18.2%
1971Jim Vandiver
18.2%
1972Jim Vandiver
18.2%
1973Buddy Arrington
18.2%
1979Chuck Bown
18.2%
1967Neil Castles
16.7%
1970Richard Brickhouse
16.7%
1964Jimmy Pardue
15.2%
1972John Sears
15.2%
1960Emanuel Zervakis
13.6%
1962Bob Welborn
13.6%
1967Jerry Grant
13.6%
1976Frank Warren
13.6%
1979Frank Warren
13.6%
1961Tom Pistone
10.6%
1964Billy Wade
10.6%
1964Larry Frank
10.6%
1965Earl Balmer
10.6%
1966Larry Frank
10.6%
1976Terry Ryan
10.6%
1978Ferrel Harris
10.6%
1983Tom Sneva
10.6%
1963Tommy Irwin
9.1%
1966Jim Hurtubise
9.1%
1967Jim Hurtubise
9.1%
1970Jim Hurtubise
9.1%
1971Jim Hurtubise
9.1%
1962Banjo Matthews
7.6%
1969Ray Elder
6.1%
1972David Sisco
6.1%
1974Walter Ballard
6.1%
1967Sonny Hutchins
4.5%
1968Andy Hampton
4.5%
1969Andy Hampton
4.5%
1972Vic Elford
4.5%
1964Dave MacDonald
3%
1976Terry Bivins
3%
1977Bob Burcham
3%

You're not logged in!

Compare scores with friends on all Sporcle quizzes.
Join for Free
OR
Log In

You Might Also Like...

Show Comments

Extras

Created Jan 3, 2016ReportNominate
Tags:500, daytona, Daytona 500, driver, Top 10

Top Quizzes Today


Score Distribution

Your Account Isn't Verified!

In order to create a playlist on Sporcle, you need to verify the email address you used during registration. Go to your Sporcle Settings to finish the process.

Report this User

Report this user for behavior that violates our Community Guidelines.

Details: